Statystyki dla Imigracja do USA według państw

Kliknij tutaj aby rozwiązać quiz!

Ogólne statystyki

  • Ten quiz został rozwiązany 14 244 razy
  • Średni wynik to 15 z 24

Statystyki odpowiedzi

#SzczytPaństwo% Poprawnych
928,5401980Polska
99%
9,146,8971990Meksyk
94%
7,344,9851880Niemcy
94%
4,054,0141900Rosja
93%
2,250,1052010Chiny
92%
915,3111850Francja
91%
4,890,9301920Kanada
89%
5,563,9061880Wielka Brytania
89%
5,498,8541900Włochy
80%
1,978,6512010Indie
79%
1,297,5581900Szwecja
65%
779,4961880Norwegia
62%
4,811,0631850Irlandia
60%
1,186,4631980Korea Południowa
58%
1,680,2112010Kuba
54%
828,8322000Kolumbia
51%
1,886,6451900Austria
41%
1,218,5792010Wietnam
38%
2,521,0642000Filipiny
33%
1,615,8272010Dominikana
32%
793,4352000Haiti
31%
944,2052010Jamajka
31%
1,697,3141900Węgry
29%
915,1801990Salwador
16%

Rozkład punktacji

Percentyl według liczby udzielonych odpowiedzi

Procent ludzi z każdym wynikiem

Twoja historia wyników

Nie rozwiązałeś tego quizu